Estadísticas para Máximos goleadores de la Serie A 2017-2018

Haz click aquí para intentar la prueba.

Estadísticas generales

  • Esta prueba ha sido intentada 16 veces
  • La puntuación promedio es 7 de 12

Estadísticas de respuestas

GolesNacionalidadEquipoJugador% Correcto
29ItaliaLazioCiro Immobile
100%
18BélgicaNapoliDries Mertens
100%
16Bosnia y HerzegovinaRomaEdin Džeko
87%
16ArgentinaJuventusGonzalo Higuaín
87%
22ArgentinaJuventusPaulo Dybala
87%
29ArgentinaInternazionaleMauro Icardi
80%
19ItaliaSampdoriaFabio Quagliarella
67%
12SerbiaLazioSergej Milinković-Savić
53%
12EspañaTorinoIago Falque
47%
13ArgentinaFiorentinaGiovanni Simeone
13%
12ItaliaUdineseKevin Lasagna
0%
12ItaliaChievo VeronaRoberto Inglese
0%

Distribución de puntuación

Porcentaje por número respondido

Porcentaje de gente con cada puntuación

Historial de tus puntuaciones

No has intentado esta prueba.